| 000 | 01792nam a22004217a 4500 | ||
|---|---|---|---|
| 001 | 14896490 | ||
| 003 | OSt | ||
| 005 | 20210426114506.0 | ||
| 008 | 070619s2007 nyuab b 001 0 eng | ||
| 010 | _a 2007024223 | ||
| 020 | _a9780805074611 | ||
| 020 | _a0805074619 | ||
| 040 |
_aDLC _cDLC _dDLC |
||
| 041 | _aeng | ||
| 043 | _ae-ur--- | ||
| 050 | 0 | 0 |
_aHN523 _b.F54 2007 |
| 080 |
_a94 _bF-51 |
||
| 082 | 0 | 0 |
_a306.850947/0904 _222 |
| 100 | 1 | _aFiges, Orlando. | |
| 245 | 1 | 4 |
_aThe whisperers : _bprivate life in Stalin's Russia / _cOrlando Figes. |
| 250 | _a1st ed. | ||
| 260 |
_aNew York : _bMetropolitan Books, _c2007. |
||
| 300 |
_axxxviii, 739, [1] p. : _bill., maps ; _c24 cm. |
||
| 365 | _a35.00 USD | ||
| 504 | _aIncludes bibliographical references and index. | ||
| 505 | 0 | _aChildren of 1917 (1917-28) -- The great break (1928-32) -- The pursuit of happiness (1932-6) -- The great fear (1937-8) -- Remnants of terror (1938-41) -- "Wait for me" (1941-5) -- Ordinary Stalinists (1945-53) -- Return (1953-6) -- Memory (1956-2006). | |
| 650 | 0 |
_aCity and town life _zSoviet Union. |
|
| 650 | 0 |
_aCommunism _zSoviet Union _xPsychological aspects. |
|
| 651 | 0 |
_aSoviet Union _xSocial conditions. |
|
| 651 | 0 |
_aSoviet Union _xHistory _y1925-1953. |
|
| 653 | _aისტორია | ||
| 856 | 4 | 1 |
_3Table of contents only _uhttp://www.loc.gov/catdir/toc/ecip0720/2007024223.html |
| 856 | 4 | 2 |
_3Publisher description _uhttp://www.loc.gov/catdir/enhancements/fy0730/2007024223-d.html |
| 856 | 4 | 2 |
_3Contributor biographical information _uhttp://www.loc.gov/catdir/enhancements/fy0801/2007024223-b.html |
| 906 |
_a7 _bcbc _corignew _d1 _eecip _f20 _gy-gencatlg |
||
| 942 |
_2udc _cBK |
||
| 999 |
_c1203 _d1203 |
||